|
|
|
|
| LEADER |
00000naa2a2200000 4500 |
| 001 |
80117 |
| 005 |
20251202134324.0 |
| 035 |
|
|
|a (RuTPU)RU\TPU\book\86116
|
| 090 |
|
|
|a 80117
|
| 100 |
|
|
|a 20050901d2005 k y0rusy50 ca
|
| 101 |
0 |
|
|a rus
|
| 102 |
|
|
|a RU
|
| 135 |
|
|
|a drnn ---uucaa
|
| 181 |
|
0 |
|a i
|
| 182 |
|
0 |
|a b
|
| 200 |
1 |
|
|a АБИС "Руслан" в вузовской библиотеке: внедрение от А до Я
|f Н. Т. Чуприкова, И. В. Котова
|
| 203 |
|
|
|a Текст
|c электронный
|
| 215 |
|
|
|a 1 файл (228 Кб)
|
| 300 |
|
|
|a Заглавие с титульного листа
|
| 300 |
|
|
|a Электронная версия печатной публикации
|
| 337 |
|
|
|a Adobe Reader
|
| 463 |
|
1 |
|0 (RuTPU)RU\TPU\book\83966
|t Библиотеки и информационные ресурсы в современном мире науки, культуры, образования и бизнеса
|o материалы 12-й Международной конференции "Крым 2005"
|f Государственная публичная научно-техническая библиотека России
|d 2005
|
| 610 |
1 |
|
|a АБИС
|
| 610 |
1 |
|
|a библиотечное обслуживание
|
| 610 |
1 |
|
|a библиотечные процессы
|
| 610 |
1 |
|
|a библиотечные технологии
|
| 610 |
1 |
|
|a библиотеки
|
| 610 |
1 |
|
|a автоматизация
|
| 610 |
1 |
|
|a автоматизированные библиотечные технологии
|
| 610 |
1 |
|
|a статьи
|
| 610 |
1 |
|
|a труды учёных ТПУ
|
| 610 |
1 |
|
|a электронный ресурс
|
| 700 |
|
1 |
|a Чуприкова
|b Н. Т.
|c главный библиотекарь-технолог НТБ Томского политехнического университета
|f 1956-
|g Наталья Трофимовна
|3 (RuTPU)RU\TPU\pers\24236
|9 10722
|
| 701 |
|
1 |
|a Котова
|b И. В.
|c директор НТБ Томского политехнического университета
|f 1972-
|g Ирина Владимировна
|3 (RuTPU)RU\TPU\pers\24237
|9 10723
|
| 801 |
|
1 |
|a RU
|b 63413507
|c 20050901
|g PSBO
|
| 801 |
|
2 |
|a RU
|b 63413507
|c 20131014
|g PSBO
|
| 856 |
4 |
|
|u http://www.lib.tpu.ru/fulltext/m/2005/m8.pdf
|
| 942 |
|
|
|c CF
|